| 000 | 01165cam a22002415a 4500 | ||
|---|---|---|---|
| 001 | L158403 | ||
| 008 | 120118s2015 xxkao f r 001 0 eng d | ||
| 020 | _a97819000915717 | ||
| 035 | _a(Sirsi) u158403 | ||
| 041 | 0 | _aeng | |
| 050 | _a690.241 $2 18 | ||
| 245 | 0 | 4 |
_aThe building conservation directory 2015 _ba guide to specialist suppliers, consultants and craftspeople in traditional building conservation, refurbishment and design |
| 250 | _a21th ed. | ||
| 260 |
_aTisbury _bCathedral Communications _c2015 |
||
| 300 |
_a204p. _bill. _c30cm. |
||
| 505 | 2 | _aProfessional services -- Building contractors -- Structure and fabric -- Services and treatment -- Interiors -- Useful information: courses and training; course listings; events; publications; useful contacts -- Indices. | |
| 520 | _aAnnual edition of a source providing specifiers of works to historic buildings, their contents and surroundings a starting point for appropriate products, services and expert service. | ||
| 520 | _aWebsite regularly updated www.buildingconservation.com | ||
| 590 | _aKA | ||
| 651 | 4 |
_aUnited Kingdom _y |
|
| 690 | _aConservation and restoration | ||
| 942 | _n0 | ||
| 999 |
_c115291 _d115291 |
||